Online
Catalog

Lecturas selectas. / (Record no. 54898)

MARC details
000 -CABECERA
campo de control de longitud fija 01081nam a2200265 i 4500
003 - IDENTIFICADOR DEL NÚMERO DE CONTROL
campo de control DO-SdBNP
005 - FECHA Y HORA DE LA ÚLTIMA TRANSACCIÓN
campo de control 20230925101004.0
006 - CÓDIGOS DE INFORMACIÓN DE LONGITUD FIJA--CARACTERÍSTICAS DEL MATERIAL ADICIONAL
campo de control de longitud fija a||||gr|||| 00| 0
007 - CAMPO FIJO DE DESCRIPCIÓN FÍSICA--INFORMACIÓN GENERAL
campo de control de longitud fija ta
008 - DATOS DE LONGITUD FIJA--INFORMACIÓN GENERAL
campo de control de longitud fija 230922n190? dr ||||| |||| 00| m spa d
040 ## - FUENTE DE LA CATALOGACIÓN
Centro catalogador/agencia de origen DO-SdBNP
Lengua de catalogación spa
Centro/agencia transcriptor BNPHU
Normas de descripción rda
082 #4 - NÚMERO DE LA CLASIFICACIÓN DECIMAL DEWEY
Número de edición 22
Número de documento/Ítem D541l
100 1# - ENTRADA PRINCIPAL--NOMBRE DE PERSONA
Nombre de persona Díaz Castillo, Bienvenido
9 (RLIN) 22529
Término indicativo de función/relación autor
245 10 - MENCIÓN DE TÍTULO
Título Lecturas selectas. /
Mención de responsabilidad, etc. Bienvenido Díaz Castillo; prólogo, Marcio Veloz Magiolo
264 ## - PRODUCCIÓN, PUBLICACIÓN, DISTRIBUCIÓN, FABRICACIÓN Y COPYRIGHT
Producción, publicación, distribución, fabricación y copyright Santo Domingo :
Nombre del de productor, editor, distribuidor, fabricante Nuevo Mundo,
Fecha de producción, publicación, distribución, fabricación o copyright [190?]
300 ## - DESCRIPCIÓN FÍSICA
Extensión 201 páginas ;
Dimensiones 20 cm.
336 ## - TIPO DE CONTENIDO
Fuente rdacontent
Término de tipo de contenido texto
Código de tipo de contenido txt
337 ## - TIPO DE MEDIO
Fuente rdamedia
Nombre/término del tipo de medio sin mediación
Código del tipo de medio n
338 ## - TIPO DE SOPORTE
Fuente rdacarrier
Nombre/término del tipo de soporte volumen
Código del tipo de soporte nc
500 ## - NOTA GENERAL
Nota general Publicaciones del Economato Dominicano.
505 ## - NOTA DE CONTENIDO CON FORMATO
Nota de contenido con formato Prólogo.
Título Finalidad de Lecturas Selectas.--
-- Oración sobre la necesidad de unir el estudio de la Literatura al de las ciencias.--
-- Obras narrativas en prosa.--
-- Obras descriptivas en Prosa.--
-- Obras Dramática.--
-- Obras Liricas (Prosa y verso).
590 ## - NOTA LOCAL (RLIN)
Nota local Inventariado 2023 / MF
700 1# - PUNTO DE ACCESO ADICIONAL--NOMBRE DE PERSONA
Nombre de persona Magiolo Veloz, Marcio,
9 (RLIN) 77364
Término indicativo de función/relación prólogo
942 ## - ELEMENTOS DE PUNTO DE ACCESO ADICIONAL (KOHA)
Fuente del sistema de clasificación o colocación Dewey Decimal Classification
Tipo de ítem Koha Libro
Holdings
Estado de retiro Estado de pérdida Fuente del sistema de clasificación o colocación Restricciones de uso No para préstamo Código de colección Localización permanente Ubicación/localización actual Ubicación en estantería Fecha de adquisición Fuente de adquisición Total de préstamos Signatura topográfica completa Código de barras Fecha visto por última vez Precio válido a partir de Tipo de ítem Koha
    Dewey Decimal Classification Excluido de préstamo   Patrimonio Dominicano Biblioteca Nacional Pedro Henríquez Ureña Biblioteca Nacional Pedro Henríquez Ureña En catalogación 22.12.2014 Donado por Barbara Suncar   D541l 2023-6322 22.09.2023 22.09.2023 Libro

Powered by Koha